Zdanenie príjmov z predaja cenných papierov
Zdanenie príjmov z predaja cenných papierov je riešené v zákone č. 595/2003 Z. z. o dani z príjmov v znení neskorších predpisov. Zdanenie príjmov z predaja cenných papierov u fyzických osôb. Príjmy z predaja cenných papierov, ktoré neboli prijaté na obchodovanie na regulovanom trhu. Príjem z predaja...
Salvato in:
| Autore principale: | |
|---|---|
| Natura: | Capitolo di libro |
| Lingua: | slovacco |
| Soggetti: | |
| Tags: |
Nessun Tag, puoi essere il primo ad aggiungerne!!
|
MARC
| LEADER | 00000naa a2200000 4500 | ||
|---|---|---|---|
| 001 | 0283752 | ||
| 005 | 20240417075205.7 | ||
| 041 | 0 | |a slo | |
| 044 | |a SK | ||
| 245 | 1 | 0 | |a Zdanenie príjmov z predaja cenných papierov |c Miroslava Brnová |
| 520 | |a Zdanenie príjmov z predaja cenných papierov je riešené v zákone č. 595/2003 Z. z. o dani z príjmov v znení neskorších predpisov. Zdanenie príjmov z predaja cenných papierov u fyzických osôb. Príjmy z predaja cenných papierov, ktoré neboli prijaté na obchodovanie na regulovanom trhu. Príjem z predaja cenných papierov prijatých na obchodovanie na regulovanom trhu. Zdanenie príjmov z predaja akcií u právnických osôb. | ||
| 610 | 2 | 0 | |a dane z príjmov |
| 610 | 2 | 0 | |a papiere cenné |
| 610 | 2 | 0 | |a osoby fyzické |
| 610 | 2 | 0 | |a osoby právnické |
| 610 | 2 | 0 | |a zákony |
| 610 | 2 | 0 | |a úpravy právne |
| 100 | 1 | |a Brnová, Miroslava | |